State and Society in the Philippines (Record no. 8097)
[ view plain ]
| 000 -LEADER | |
|---|---|
| fixed length control field | 00881nam a22002897i 4500 |
| 003 - CONTROL NUMBER IDENTIFIER | |
| control field | URS |
| 005 - DATE AND TIME OF LATEST TRANSACTION | |
| control field | 20220114153048.0 |
| 008 - FIXED-LENGTH DATA ELEMENTS--GENERAL INFORMATION | |
| fixed length control field | 170120b xxu||||| |||| 00| 0 eng d |
| 020 ## - INTERNATIONAL STANDARD BOOK NUMBER | |
| International Standard Book Number | 9789712716713 |
| 040 ## - CATALOGING SOURCE | |
| Original cataloging agency | DDC |
| Description conventions | rda |
| Transcribing agency | URSP-College Library |
| Language of cataloging | eng |
| 050 ## - LIBRARY OF CONGRESS CALL NUMBER | |
| Classification number | DS672.8 |
| Item number | 959.9 |
| 082 ## - DEWEY DECIMAL CLASSIFICATION NUMBER | |
| Classification number | 959.9 |
| Item number | Ab5 2005 |
| 100 1# - MAIN ENTRY--PERSONAL NAME | |
| Personal name | Abinales, Patricio N. |
| 245 ## - TITLE STATEMENT | |
| Title | State and Society in the Philippines |
| Statement of responsibility, etc. | Patricio N. Abinales |
| 264 #1 - PRODUCTION, PUBLICATION, DISTRIBUTION, MANUFACTURE, AND COPYRIGHT NOTICE | |
| Place of production, publication, distribution, manufacture | Pasig City: |
| Name of producer, publisher, distributor, manufacturer | Anvil Publishing, |
| Date of production, publication, distribution, manufacture, or copyright notice | 2005. |
| 300 ## - PHYSICAL DESCRIPTION | |
| Extent | xiii, |
| Other physical details | 353 p; |
| Dimensions | 24 cm |
| 336 ## - CONTENT TYPE | |
| Content type term | text |
| Content type code | txt |
| Source | rdacontent |
| 337 ## - MEDIA TYPE | |
| Media type term | unmediated |
| Media type code | n |
| Source | rdamedia |
| 338 ## - CARRIER TYPE | |
| Carrier type term | volume |
| Carrier type code | nc |
| Source | rdacarrier |
| 500 ## - GENERAL NOTE | |
| General note | Includes index. |
| 504 ## - BIBLIOGRAPHY, ETC. NOTE | |
| Bibliography, etc. note | Includes bibliography. |
| 650 #0 - SUBJECT ADDED ENTRY--TOPICAL TERM | |
| Topical term or geographic name entry element | History |
| Geographic subdivision | Philippines |
| 650 #0 - SUBJECT ADDED ENTRY--TOPICAL TERM | |
| Topical term or geographic name entry element | Poltics and government |
| Geographic subdivision | Philippines |
| 650 #0 - SUBJECT ADDED ENTRY--TOPICAL TERM | |
| Topical term or geographic name entry element | Social conditions |
| Geographic subdivision | Philippines |
| 700 1# - ADDED ENTRY--PERSONAL NAME | |
| Personal name | Donna J. Amoroso |
| 942 ## - ADDED ENTRY ELEMENTS (KOHA) | |
| Source of classification or shelving scheme | Dewey Decimal Classification |
| Koha item type | Filipiniana |
| Withdrawn status | Source of classification or shelving scheme | Damaged status | Not for loan | Collection code | Home library | Current library | Shelving location | Date acquired | Total Checkouts | Full call number | Barcode | Date last seen | Copy number | Price effective from | Koha item type |
|---|---|---|---|---|---|---|---|---|---|---|---|---|---|---|---|
| Dewey Decimal Classification | Non-fiction | Pililla College Library | Pililla College Library | General Stacks | 01/20/2017 | 959.9 Ab5 2005 | URSPIL-1766 | 07/25/2018 | 1 | 01/20/2017 | Filipiniana |